| 000 | 00675nam a2200193 i 4500 | ||
|---|---|---|---|
| 001 | 177116 | ||
| 003 | ES-MaACL | ||
| 005 | 20250607063030.0 | ||
| 008 | 110304s1967 sp |||| | cat d | ||
| 080 | _a821.134.1-31"19" | ||
| 100 | 1 |
_aBenguerel, Xavier, _d1905-1990 _927580 |
|
| 245 | 1 | 3 |
_aLa veritat del foc / _cXavier Benguerel. |
| 260 |
_aMadrid ; Barcelona : _bAlfaguara, _cimp. 1967. |
||
| 300 |
_a126 p. ; _c17 cm. |
||
| 490 | 1 |
_aLa novel·la popular. Contemporània, inèdita, catalana ; _v11 |
|
| 830 | 0 |
_aLa novel·la popular. Contemporània, inèdita, catalana ; _v11 _9190353 |
|
| 852 |
_aES-MaACL _jE-14539 _xOlim P-1333 |
||
| 999 |
_c177116 _d177116 |
||